00281 a2200109 4500001000700000040003500007100003000042240004300072245003800115362000900153440000900162156965 cEscola São Tomás de Aquino aCRUZ, Therezinha M. L. da10aIndiferente...será inteligente?lpor10aIndiferente...será inteligente?0 a2004 1aFTD